Effective material handling planning and management (Record no. 41283)

MARC details
000 -LEADER
fixed length control field 00446nam a2200121 a 4500
008 - FIXED-LENGTH DATA ELEMENTS--GENERAL INFORMATION
fixed length control field 120416nuuuuuuuuxx |||||||||||||| || u
050 ## - LIBRARY OF CONGRESS CALL NUMBER
Classification number TS 180 Ree
100 ## - MAIN ENTRY--PERSONAL NAME
Personal name Reed, Ruddell
245 10 - TITLE STATEMENT
Title Effective material handling planning and management
260 ## - PUBLICATION, DISTRIBUTION, ETC.
Date of publication, distribution, etc. London
350 ## - PRICE (NR) (BK AM CF MU VM SE) [OBSOLETE]
Price 0.00
995 ## - RECOMMENDATION 995 [LOCAL, UNIMARC FRANCE]
-- 0.00
-- CBU-MAIN LIBRARY (Kitwe)
-- 1
-- 3.50
-- WEEDED
-- Aug 31, 2017
-- Main Library Open Access Collection
Holdings
Withdrawn status Lost status Source of classification or shelving scheme Damaged status Not for loan Home library Current library Shelving location Date acquired Total Checkouts Full call number Barcode Date last seen Price effective from Koha item type
          CBU-MAIN LIBRARY, KITWE. CBU-MAIN LIBRARY, KITWE.   11/30/2022   TS 180 Ree 020537 11/30/2022 11/30/2022 MONOGRAPH